| 000 | 00397pab a2200157 454500 | ||
|---|---|---|---|
| 008 | 180718b1962 xxu||||| |||| 00| 0 eng d | ||
| 100 | _aSastry, C. Srinivasa | ||
| 245 | _aStructure and pattern of Panchayati Raj | ||
| 260 | _c1962 | ||
| 300 | _ap.460-470. | ||
| 362 | _aOct-Dec | ||
| 650 | _aPanchayat | ||
| 773 | _aIndian Journal of Public Administration | ||
| 908 | _aN | ||
| 909 | _a100434 | ||
| 999 |
_c100433 _d100433 |
||